| 000 | 00859nam a22003257i 4500 | ||
|---|---|---|---|
| 003 | URS | ||
| 005 | 20220117094625.0 | ||
| 008 | 170818b xxu||||| |||| 00| 0 eng d | ||
| 020 | _a0395277876 | ||
| 020 | _a0395361478 | ||
| 040 |
_erda _cURSR _beng |
||
| 041 | _aeng | ||
| 042 | _aDMLUC | ||
| 050 | 0 | 0 |
_aCT 275 _bSt893 1980 |
| 100 | 1 |
_aStrouse, Jean., _eauthor |
|
| 245 | 1 | 0 |
_aAlice James : _ba biography / _cJean Strouse |
| 264 | 1 |
_aBoston : _bHoughton Mifflin, _c[1980] |
|
| 264 | 4 | _c©1980 | |
| 300 |
_axv, 367 pages: _c21.9 cm. |
||
| 336 |
_atext _btxt _2rdacontent |
||
| 337 |
_aunmediated _bn _2rdamedia |
||
| 338 |
_avolume _bnc _2rdacarrier |
||
| 500 | _aInclude Index. | ||
| 600 |
_aJames, Alice _d1848-1892. |
||
| 600 | _aJames family. | ||
| 650 | _aUnited States -- Biography. | ||
| 905 | _aFO | ||
| 942 |
_2lcc _cFR |
||
| 999 |
_c11517 _d11517 |
||